| 000 | 00425pab a2200133 454500 | ||
|---|---|---|---|
| 008 | 180718b2005 xxu||||| |||| 00| 0 eng d | ||
| 100 | _aRoques, Xavier | ||
| 245 | _aManagement issues relating to staff attached to the Speaker/President, Members of Parliament and political groups | ||
| 260 | _c2005 | ||
| 300 | _ap.89-108. | ||
| 650 | _aParliament | ||
| 773 | _aConstitutional and Parliamentary Information | ||
| 909 | _a71532 | ||
| 999 |
_c71532 _d71532 |
||